U.S. States with alternate letters removed - Statistics

General Stats
  • This quiz has been taken 62 times
  • The average score is 19 of 20
Answer Stats
Hint Answer % Correct
A_A_A_A Alabama
98%
F_O_I_A Florida
98%
M_S_I_S_P_I Mississippi
98%
M_S_O_R_ Missouri
98%
N_V_D_ Nevada
98%
R_O_E _S_A_D Rhode Island
98%
T_N_E_S_E Tennessee
98%
D_L_W_R_ Delaware
96%
H_W_I_ Hawaii
96%
I_W_ Iowa
96%
M_S_A_H_S_T_S Massachusetts
96%
N_W _A_P_H_R_ New Hampshire
96%
C_N_E_T_C_T Connecticut
95%
M_I_E Maine
95%
M_C_I_A_ Michigan
95%
A_A_K_ Alaska
93%
N_W _O_K New York
93%
M_N_A_A Montana
91%
O_E_O_ Oregon
91%
W_S_I_G_O_ Washington
88%
No matching quizzes found
Score Distribution
Percent of People with Each Score
Percentile by Number Answered
Your Score History
You have not taken this quiz